000 00261nam a22001217a 4500
008 181205b xxu||||| |||| 00| 0 eng d
041 _aeng
080 _a721
100 _a41
101 _aNDE
245 _aAmerican Interiors
_cSchwartz,M.D
942 _2udc
_cBK
999 _c52846
_d52846